Statistics for Which City is Larger?

Click here to take the quiz!

General Stats

  • This quiz has been taken 155 times
    (115 since last reset)
  • The average score is 12 of 15

Answer Stats

QuestionAnswer% Correct
In EgyptCairo
91%
In IndiaMumbai
89%
In the United StatesDallas
88%
In AustraliaSydney
87%
In the two CongosKinshasa
82%
In BrazilSão Paulo
82%
In MoroccoCasablanca
81%
In ChinaShanghai
81%
In VietnamHo Chi Minh City
80%
Near the English ChannelLondon
78%
In the Far EastJakarta
76%
In GermanyHamburg
71%
In EcuadorGuayaquil
67%
In ItalyMilan
63%
East and WestLos Angeles
48%

Score Distribution

Percentile by Number Answered

Percent of People with Each Score

Your Score History

You have not taken this quiz since the last reset